000 00596nam a2200229 a 4500
001 nice12345678
003 IN_TiNIC
005 20260116012931.0
008 050524s1987 laha grp 000 0 eng
020 _a0913321
_c100
082 0 0 _a297.86
_bMOH
100 _aMohammad, Hafiz Sher
245 _aAhmadiyya Case
_b Famous Religious Court Case in Cape Town Between Lahore
260 _aLahore
_bNo Publisher
_c1987
300 _a358p
500 _aincludes index and biblioraphy
505 2 _aIndex
650 _aAhmadiyyah
902 _bSRS
942 _cBK
999 _c8953
_d8953